000 00762 a2200217 4500
003 UA-OsUOA
005 20260421102958.0
008 260408b un ||||| |||| 00| 0 ukr d
040 _aUA-OsUOA
_bukr
_cUA-OsUOA
_dUA-OsUOA
041 _aukr
080 _a82-32
090 _a82-32
_bП56
100 _aПонеділок М.
_92926
245 _aБуржуйка
_cМикола Понеділок
260 _bВидання Об'єднання Українських Педагогів ЗСА
_aб.м.
300 _a20 с.
650 _2UDC
_a82 Література. Літературознавство
_915
942 _cBR
_2udc
955 _a3
999 _c580385
_d580385